MARC details
| 000 -LEADER |
| campo de control de longitud fija |
03054nam a2200373 i 4500 |
| 001 - NÚMERO DE CONTROL |
| campo de control |
193477 |
| 003 - IDENTIFICADOR DE NÚMERO DE CONTROL |
| campo de control |
SpMaBN |
| 005 - FECHA Y HORA DE LA ÚLTIMA TRANSACCIÓN |
| campo de control |
20250712063141.0 |
| 007 - CAMPO FIJO DE DESCRIPCIÓN FÍSICA--INFORMACIÓN GENERAL |
| campo de control de longitud fija |
ta |
| 008 - DATOS DE LONGITUD FIJA--INFORMACIÓN GENERAL |
| campo de control de longitud fija |
240102s2017 sp a | |||| 000 p spa |
| 017 ## - NÚMERO DE COPYRIGHT O DE DEPÓSITO LEGAL |
| Número de copyright o de depósito legal |
AL 92-2018 |
| Agencia que asigna |
Oficina Depósito Legal Almería |
| 020 ## - NÚMERO INTERNACIONAL ESTÁNDAR DEL LIBRO |
| Número Internacional Estándar del Libro |
9788491834021 |
| 035 ## - NÚMERO DE CONTROL DEL SISTEMA |
| Número de control de sistema |
(OCoLC)1050756317 |
| 035 ## - NÚMERO DE CONTROL DEL SISTEMA |
| Número de control de sistema |
a6154878 |
| 040 ## - FUENTE DE CATALOGACIÓN |
| Centro catalogador/agencia de origen |
SpMaBN |
| Lengua de catalogación |
spa |
| Centro/agencia transcriptor |
SpMaBN |
| Normas de descripción |
rdc |
| Centro/agencia modificador |
ES-MaACL |
| 080 ## - NÚMERO DE LA CLASIFICACIÓN DECIMAL UNIVERSAL |
| Número de la Clasificación Decimal Universal |
821.134.2-14"19" |
| 100 1# - ENTRADA PRINCIPAL--NOMBRE DE PERSONA |
| Nombre de persona |
López Expósito, Ana María |
| Número de control del registro de autoridad o número normalizado |
XX1618834 |
| Término indicativo de función/relación |
Autor |
| 9 (RLIN) |
176562 |
| 245 10 - MENCIÓN DEL TÍTULO |
| Título |
Luces y sombras verticales / |
| Mención de responsabilidad, etc. |
Ana María López Expósito ; ilustraciones, Paz Rodero. |
| 250 ## - MENCION DE EDICION |
| Mención de edición |
1ª ed. |
| 260 ## - PUBLICACIÓN, DISTRIBUCIÓN, ETC. |
| Lugar de publicación, distribución, etc. |
[El Ejido] : |
| Nombre del editor, distribuidor, etc. |
Círculo Rojo, |
| Fecha de publicación, distribución, etc. |
2017. |
| 300 ## - DESCRIPCIÓN FÍSICA |
| Extensión |
103 p. : |
| Otras características físicas |
il. ; |
| Dimensiones |
21 cm |
| 336 ## - TIPO DE CONTENIDO |
| Término de tipo de contenido |
Texto (visual) |
| Fuente |
isbdcontent |
| 337 ## - TIPO DE MEDIO |
| Nombre/término del tipo de medio |
sin mediación |
| Fuente |
isbdmedia |
| 338 ## - TIPO DE SOPORTE |
| Fuente |
rdacarrier |
| Nombre/término del tipo de soporte |
volumen |
| 520 ## - RESUMEN, ETC. |
| Sumario, etc. |
El poemario “Luces y sombras verticales” nos muestra un sendero de palabras en los que la autora invierte un año de su vida. En ocasiones, el corazón se siente abrumado por la melancolía y al pensamiento llegan viejas palabras leídas en libros olvidados, vividas, imaginadas; y cuando el alma se contrae de dolor y la soledad hacen que el sentimiento aflore, se convierten en un torrente de palabras que como cascadas llegan a construir versos. Esta serie de poemas son un canto a la vida, al amor, desamor, el tiempo, las ciudades, el mar, la soledad, la historia de Roma…todos ellos con un nexo común “el amor”. El poemario es más que un libro, es un modo de expresión único, una arquitectura introspectiva que se traduce en una mirada caleidoscópica sobre diversos aspectos de la vida de la autora Ana María López Expósito. Cada uno de sus poemas dan diferente forma en su conjunto a su edificio, un andamiaje del rico mundo interior de una persona polifacética que en ocasiones pone al desnudo su alma. Compuesto por versos libres la mayoría de los poemas, romances y sonetos. Embellecido por veinticinco ilustraciones de Paz Rodero.<br/><br/>Cuando leas este poemario tendrás la sensación indescriptible de haber recorrido un paseo con su autora por Madrid Rio, donde el sol penetra entre los pinares y la luz labrada por las sombras, escuchando la voz ronca, entrecortada de Ana María que te recita al oído poemas diversos iluminados con su fantasía, y exige de ti, más allá de palabras impresas, una actitud de escucha, fruto de la narración oral que su autora pone en práctica en ocasiones. |
| 650 #4 - PUNTO DE ACCESO ADICIONAL DE MATERIA--TÉRMINO DE MATERIA |
| Término de materia o nombre geográfico como elemento de entrada |
Poesía española- |
| Subdivisión cronológica |
S.XXI |
| 9 (RLIN) |
16222 |
| 852 ## - LOCALIZACIÓN |
| Ubicación |
ES-MaACL |
| Sublocalización o colección |
R.154842 |
| Ubicación en estantería |
Depósito J |
| Número de control de estantería |
N-9723 |
| Donativo/Legado |
Donación: Ana María López Expósito |
| itemnumber |
200955 |
| Anotaciones manuscritas |
Dedicatoria autógrafa de la autora |
| Encuadernación |
Encuadernación rústica con solapas |
| 903 ## - NOMBRE PERSONAL DE DONANTE |
| a |
López Expósito, Ana María |
| e |
Donante |
| 9 |
176562 |
| 942 ## - ELEMENTOS DE ENTRADA SECUNDARIOS (KOHA) |
| Suprimir en OPAC |
No |
| Tipo de ítem Koha |
Libro impreso |